书目信息 |
| 题名: |
日译中教室
|
|
| 作者: | 陶振孝 编著 | |
| 分册: | ||
| 出版信息: | 北京 外语教学与研究出版社 1998 |
|
| 页数: | 287页 | |
| 开本: | 20cm | |
| 丛书名: | 学习日语必读丛书 | |
| 单 册: | ||
| 中图分类: | H365.9 | |
| 科图分类: | ||
| 主题词: | 日语--翻译 | |
| 电子资源: | ||
| ISBN: | 7-5600-1371-6 | |
| 000 | 00708nam0 2200217 450 | |
| 001 | 0653413953 | |
| 005 | 20070702145823.39 | |
| 010 | @a7-5600-1371-6@dCNY11.90 | |
| 100 | @a20060313d1998 km y0chiy0120 ea | |
| 101 | 0 | @achi |
| 102 | @aCN@b110000 | |
| 200 | 1 | @a日译中教室@Ari yi zhong jiao shi@f陶振孝编著@Ftao zhen xiao bian zhu |
| 210 | @a北京@c外语教学与研究出版社@d1998 | |
| 215 | @a287页@d20cm | |
| 225 | @a学习日语必读丛书@f陶敬孝,徐一平主编 | |
| 410 | 0 | @12001 @a学习日语必读丛书@1701 0@a陶敬孝@Atao jing xiao@4主编@1701 0@a徐一平@Axu yi ping@4主编 |
| 606 | 0 | @a日语@x翻译 |
| 690 | @aH365.9@v4 | |
| 701 | 0 | @a陶振孝@Atao zhen xiao@4编著 |
| 801 | 0 | @aCN@bPFT@c20070702 |
| 905 | @a10447@dH365.9@e286 | |
| 日译中教室/陶振孝编著.-北京:外语教学与研究出版社,1998 |
| 287页;20cm.-(学习日语必读丛书/陶敬孝,徐一平主编) |
| ISBN 7-5600-1371-6:CNY11.90 |
| ● |
| 相关链接 |
|
|
|
|
正题名:日译中教室
索取号:H365.9/286
 
预约/预借
| 序号 | 登录号 | 条形码 | 馆藏地/架位号 | 状态 | 备注 |
| 1 | 0339452 | 203394521 | 第二样本阅览室/ [索取号:H365.9/286] | 在馆 | |
| 2 | 0764674 | 207646742 | 密集书库/ [索取号:H365.9/286] | 在馆 | |
| 3 | 0764675 | 207646751 | 密集书库/ [索取号:H365.9/286] | 在馆 |